Annäherung an eine deutsch-slowakische Wirtschaftssprache. Eine persönliche Bilanz seit der Jahrhundertwende

Na minha lista:
Detalhes bibliográficos
Autor principal: Ondrčková, Eva
Outros Autores: Lišková, Danuša
Formato: Capítulo de Livro
Idioma:alemão
Assuntos:
Tags: Adicionar Tag
Sem tags, seja o primeiro a adicionar uma tag!

MARC

LEADER 00000naa$a2200000$$$4500
001 0091860
005 20240502072027.0
041 0 |a ger 
044 |a SK 
245 1 0 |a Annäherung an eine deutsch-slowakische Wirtschaftssprache. Eine persönliche Bilanz seit der Jahrhundertwende  |c Eva Ondrčková, Danuša Lišková 
610 2 0 |a vzdelávanie 
610 2 0 |a ekonómia 
610 2 0 |a jazyky cudzie 
610 2 0 |a nemčina 
610 2 0 |a komunikácia 
610 2 0 |a slovníky 
610 2 0 |a učebnice 
610 2 0 |a didaktika 
100 1 |a Ondrčková, Eva 
700 1 |a Lišková, Danuša